Faktory úspešnosti agropotravinárskych podnikov

Analýza výkonnosti a produktivity slovenských poľnohospodárskych podnikov, ktoré sú predpokladom ich úspešnosti na veľkom európskom trhu. Objektom analýzy je súbor 227 poľnohospodárskych družstiev hospodáriacich v kukuričnej výrobnej oblasti. Voľbou kukuričnej výrobnej oblasti je eliminovaný problém...

Descrizione completa

Salvato in:
Dettagli Bibliografici
Autore principale: Szabo, Ľuboslav
Natura: Capitolo di libro
Lingua:slovacco
Soggetti:
Tags: Aggiungi Tag
Nessun Tag, puoi essere il primo ad aggiungerne!!

MARC

LEADER 00000naa$a2200000$$$4500
001 0018274
005 20240502071405.3
041 0 |a slo 
044 |a SK 
245 1 0 |a Faktory úspešnosti agropotravinárskych podnikov  |c Ľuboslav Szabo 
520 |a Analýza výkonnosti a produktivity slovenských poľnohospodárskych podnikov, ktoré sú predpokladom ich úspešnosti na veľkom európskom trhu. Objektom analýzy je súbor 227 poľnohospodárskych družstiev hospodáriacich v kukuričnej výrobnej oblasti. Voľbou kukuričnej výrobnej oblasti je eliminovaný problém diferencovaných výrobných podmienok. 
610 2 0 |a podnik poľnohospodársky 
610 2 0 |a výroba rastlinná 
610 2 0 |a kukurica 
610 2 0 |a Slovensko 
610 2 0 |a produktivita 
610 2 0 |a výkonnosť 
610 2 0 |a konkurencieschopnosť 
610 2 0 |a ukazovatele 
100 1 |a Szabo, Ľuboslav